02258nam a22002417a 4500003000900000008004100009040007100050082002300121110003100144245008000175260003200255300002900287440006000316505141500376650002801791650002601819650002301845650002201868650003501890700002901925700003101954700003101985AR-CdUCM190425b ||||| |||| 00| 0 spa d aMUNICIPALIDAD PROVINCIAL DEL CUSCOcBIBLIOTECA MUNICIPAL DEL CUSCO aRev.AHC/N°10/1959 aArchivo Regional del Cusco aRevista del Archivo Histórico del Cuzco /cUniversidad Nacional del Cuzco aCusco :bH.G. rozas,c1959. a505 páginas. :c21 cm. aRevista del Archivo Histórico.nAño X, 1959, N°10. aContenido: Testamento del conquistador don Juan de Pancorbo. -- Monografías sobre problemas sociales del Perú. -- Un documentos de puño y letra de Tupac Amaru. -- Primer informe sobe la conquista del Perú por Hernando Pizarro. -- Supresión de las facultades de derecho y medicina en la Universidad del Cusco. -- Dos decretos reales. -- Histórica carta a los españoles americanos por el jesuita peruano Juan Pablo Vizcardo y Guzmán. -- Partida de bautizo de Vizcardo y Guzmán. -- Actas de los libros de cabildos del Cuzco año 1549. -- Propiedades del convento de San Agustín del Cuzco. -- Fidelistas en la revolución de 1780, escritos de Gregorio de Yépez y Valdeiglesias, Antonio de Ugarte, Juan Bautista de Aranzabal y Domingo Pagaza Ortundoa. -- Informe sobre las malas acciones de un religioso Bethlemita. -- Real Audiencia del Cuzco, ordenanzas que la rigieron. -- Plata labrada y arancel eclesiástico año 1826. -- Una escritura del prócer don Bernardo Tambohuacso. -- Papeles de la revolución de 1814. -- Ecos de la visita de Bolívar al Cuzco. -- Hijos del general don Ramon Herrera. -- Papeles sobre el obispo Orihuela. -- Archivo del Colegio Nacional de Ciencias. -- Relación de la descendencia de Garci Pérez de Vargas, por el Inca Garcilaso de la Vega 1596. -- Crónicas perdidas presuntas y olvidadas sobe la conquista del Perú. Raúl Porras Barrenechea. aDocumentos históricos aPatrimonio documental aHistoria del Cusco aSimón Bolívar aJuan Pablo Vizcardo y Guzmán aCornejo Bouroncle, Jorge aGarcilaso de la Vega, Inca aPorras Barrenechea, Raúl